| 000 | 00807cab a2200241 4500 | ||
|---|---|---|---|
| 001 | ABS55924 | ||
| 008 | 090401t1996 xxu||||| |||| 00| 0 eng d | ||
| 035 | _a(Sirsi) u19846 | ||
| 041 | _aeng | ||
| 245 | _aMooney v Henry Boot Construction Ltd; Balfour Beatty v Kelston Sparkes Contractors Ltd | ||
| 260 | _c1996 | ||
| 350 | _a0 | ||
| 490 |
_aConstruction Industry Law Letter _v[1996] CILL 1179-1182(4) |
||
| 520 | _aCA 10 July 1996. Considers the distinction between what is claimable and what is due under the FCEC blue form of contract. | ||
| 650 | _aCONTRACT CLAIMS | ||
| 650 | _aFCEC BLUE FORM OF CONTRACT | ||
| 650 | _aLOSS RECOVERY | ||
| 650 | _aSUBCONTRACTS | ||
| 650 | _aWINDFALL RECOVERY | ||
| 690 | _aBUILT ENVIRONMENT-BUILDING CONTRACT FORMS | ||
| 942 | _n0 | ||
| 948 | _c04/03/1997 | ||
| 999 |
_c13293 _d13293 |
||